000 00580nam a22002417a 4500
001 39070
003 UA-OsUOA
005 20210816100744.0
007 ta
008 20060608b un ||||| |||| 00| 0 ukr d
040 _aUA-OsUOA
_bukr
_cUA-OsUOA
_dUA-OsUOA
041 _aukr
080 _a25
090 _a25
_bБ74
245 _aБогословія
_cред. о. Іван Гаваньо
246 3 1 _nЧ. 3-4
260 _aЛьвів
_c2003
300 _a215 с.
505 _gТ.67
650 7 _a2 Релігія. Теологія.
_2UDC
942 _cBK
_2udc
955 _a1
999 _c325218
_d325218